Générique Le Cuphead Show - Paroles - Statistiques

Statistiques générales
  • Ce quiz a été pris 57 fois
  • Le résultat moyen est 14 sur 18
Statistiques - réponses
Paroles % Correct
Il y a du bon, du {mauvais}
89%
Mais avec Cuphead et {Mugman}
89%
A 45 kilomètres du {rivage}
87%
Les Îles Inkwell nous invitent au {voyage}
87%
Ils se feront de nouveaux {amis}
82%
Bienvenue au {Cuphead} {Show} !
80%
Bienvenue au {Cuphead} {Show} !
80%
Oh non, non, pas {lui}
80%
Et avoir un peu les {chocottes}
76%
On a un peu les {chocottes}
76%
Oui, on veut {rigoler}
73%
Si vous voulez {rigoler}
73%
Vous comprendrez {mieux}
73%
Même de l'{entre}-{deux}
71%
Préparez votre sac à {dos}
67%
Il faut les aider à garder le {cap}
64%
Avec lui ca {dérape}
58%
Entre crème glacée, fusée et {soucis}
56%
Aucun quiz correspondant
Distribution des résultats
% des personnes avec chaque résultat
Percentile par nombre de réponses
Votre historique - résultats
Vous n’avez pas pris ce quiz